|
|
|
|
| LEADER |
00000nam a2200000Ii 4500 |
| 001 |
DIGEDUNAV0262 |
| 003 |
NyNyDIG |
| 006 |
m o d |
| 007 |
cr ||||||||||| |
| 008 |
220610s2008 sp ob 000 0 spa d |
| 035 |
|
|
|a (OCoLC)1333701345
|
| 040 |
|
|
|a DGITA
|b eng
|e rda
|e pn
|c DGITA
|
| 020 |
|
|
|z 9788431325954
|
| 050 |
1 |
4 |
|a BX3406.3 ebook
|
| 245 |
0 |
3 |
|a La antropología cisterciense del siglo XII :
|b Guillermo de Saint-Thierry : De natura corporis et animae ; Isaac de Stella : De anima /
|c Rubén Peretó Rivas, editor.
|
| 264 |
|
1 |
|a Pamplona, España :
|b EUNSA, Ediciones Universidad de Navarra,
|c [2008]
|
| 300 |
|
|
|a 1 online resource.
|
| 336 |
|
|
|a text
|b txt
|2 rdacontent
|
| 337 |
|
|
|a computer
|b c
|2 rdamedia
|
| 338 |
|
|
|a online resource
|b cr
|2 rdacarrier
|
| 347 |
|
|
|a text file
|2 rdaft
|
| 347 |
|
|
|b PDF
|
| 490 |
1 |
|
|a Colección de pensamiento medieval y renacentista ;
|v no. 102
|
| 504 |
|
|
|a Includes bibliographical references.
|
| 588 |
0 |
|
|a Online resource; title from PDF title page (Digitalia, viewed June 10, 2022)
|
| 600 |
1 |
0 |
|a William,
|c of Saint-Thierry, Abbot of Saint-Thierry,
|d approximately 1085-1148?
|t De natura corporis et animae.
|
| 600 |
1 |
0 |
|a Isaac,
|c of Stella,
|d -1169.
|t De anima.
|
| 610 |
2 |
0 |
|a Cistercians.
|
| 650 |
|
0 |
|a Human body
|v Early works to 1800.
|
| 650 |
|
0 |
|a Soul
|v Early works to 1800.
|
| 655 |
|
0 |
|a Electronic books.
|
| 700 |
1 |
|
|a Peretó Rivas, Rubén A,
|e editor.
|
| 700 |
1 |
2 |
|i Container of (work):
|a William,
|c of Saint-Thierry, Abbot of Saint-Thierry,
|d approximately 1085-1148?.
|t De natura corporis et animae.
|
| 700 |
1 |
2 |
|i Container of (work):
|a Isaac,
|c of Stella,
|d -1169.
|t De anima.
|
| 791 |
2 |
|
|a Digitalia (Firm),
|e distributor.
|
| 793 |
0 |
|
|g Digitalia eBook Collection:
|a Ediciones Universidad de Navarra
|
| 776 |
0 |
8 |
|i Print version:
|t Antropología cisterciense del siglo XII.
|b Primera edición.
|d Pamplona, España : EUNSA, Ediciones Universidad de Navarra, [2008]
|z 9788431325954
|
| 830 |
|
0 |
|a Colección de pensamiento medieval y renacentista ;
|v núm. 102.
|
| 856 |
4 |
0 |
|3 Digitalia Hispánica
|u https://www.digitaliapublishing.com/a/51642/
|
| 910 |
|
|
|a Premium collection: 2022
|